000
00299nam a2200121Ia 4500
008
190216s9999||||xx |||||||||||||| ||und||
100
_a
Laurence Houseman
245
0
_a
Victoria Queen Of England
260
_b
Oxford University Press
_c
1963
300
_a
121p
650
_a
Plays Retold
942
_c
BK
999
_c
13271
_d
13271